Statistics for 10 Westernmost Countries in Europe

Click here to take the quiz!

General Stats

  • This quiz has been taken 112,455 times
  • The average score is 9 of 10

Answer Stats

LongitudeCountry% Correct
5°08' WFrance
99%
9°50' WPortugal
99%
9°18' WSpain
99%
8°10' WUnited Kingdom
99%
10°28' WIreland
98%
24°32' WIceland
97%
2°35' EBelgium
93%
3°21'ENetherlands
92%
1°24' EAndorra
85%
9°04' WNorway
85%

Score Distribution

Percentile by Number Answered

Percent of People with Each Score

Your Score History

You have not taken this quiz